Marvel Heroes by Face #4 - Statistics

General Stats
  • This quiz has been taken 40 times
  • The average score is 12 of 20
Answer Stats
Picture Answer % Correct
Groot
100%
Nick Fury
100%
Howard the Duck
95%
Drax
89%
Luke Cage
87%
Nova
87%
Gwenpool
82%
Spider-Man 2099
79%
Punisher
76%
Domino
66%
Tigra
58%
Psylocke
55%
Union Jack
50%
Black Knight
47%
Valkyrie
47%
X-23
39%
Snowbird
24%
Doorman
21%
Justice
21%
Starhawk
13%
No matching quizzes found
Score Distribution
Percent of People with Each Score
Percentile by Number Answered
Your Score History
You have not taken this quiz